000 00815nas a2200253 4500
001 BR9804727
003 BR-BrBNA
005 20231205101116.0
007 ta
008 230509b bl.|||p| |||| 00| 00por d
040 _aBR-BrBNA
_bpor
_cBiblioteca Nacional de Agricultura
041 _a(En)
072 _aL60
100 1 _aThiengo, S.C.
100 1 _aVicente, J.J.
100 1 _aPinto, R.M.
245 1 _aRedescription of Angiostrongylus (Parastrongylus)costaricensis Morera Cespedes (Nematoda, Metastrongyloidea)from a Brazilian strain
650 _aMolusco
650 _aMorfologia Animal
650 _aNematoide
773 0 _tRevista Brasileira de Zoologia (Brazil)
_xISSN 0101-8175
_g(Dec 1997), v. 14(4) p. 839-844
_wBR9804727
909 _a202311
_bLúcia
_c55
_dLúcia Elande
942 _2AGRIS
_n0
_cANA
999 _c159777
_d159777